| 000 | 00572nam a2200181 i 4500 | ||
|---|---|---|---|
| 001 | 63602 | ||
| 003 | ES-MaACL | ||
| 005 | 20230906164925.0 | ||
| 007 | t| | ||
| 008 | 031212s1925 fr ||||1| fre d | ||
| 100 | 1 |
_aFery, Charles. _950619 |
|
| 245 | 1 | 0 |
_aPiles primaires et accumulateurs / _cpar Charles Fery, Charles Chéneveau, Gaston Paillard. |
| 260 |
_aParis : _bJ.B. Baillière et Fils, _c1925 ( _fPaul Dupont) |
||
| 300 |
_a684 p. : _bil. ; _c23 cm. |
||
| 700 | 1 |
_aChéneveau, Charles. _938334 |
|
| 700 | 1 |
_aPaillard, Gaston. _988317 |
|
| 852 |
_aES-MaACL _jB-12188 |
||
| 999 |
_c63602 _d63602 |
||